Start-up ako moderná forma podnikania

Vymedzenie prístupov k pojmu start-up. Hlavné charakteristiky start-upu. Lean start-up a lean management. Štruktúra metodiky lean start-up – feedback loop. Typy start-upov. Financovanie start-upov. Životný cyklus financovania start-up spoločnosti. Veľká miera neistoty.

Gespeichert in:
Bibliographische Detailangaben
1. Verfasser: Havier, Jan, 1989-
Weitere Verfasser: Vrtíková, Kristína
Format: Buchkapitel
Sprache:Slowakisch
Schlagworte:
Tags: Tag hinzufügen
Keine Tags, Fügen Sie das erste Tag hinzu!

MARC

LEADER 00000nla a2200000 4500
001 0223743
005 20240502073648.9
041 0 |a slo 
044 |a SK 
245 1 0 |a Start-up ako moderná forma podnikania  |c Jan Havier, Kristína Vrtíková 
520 |a Vymedzenie prístupov k pojmu start-up. Hlavné charakteristiky start-upu. Lean start-up a lean management. Štruktúra metodiky lean start-up – feedback loop. Typy start-upov. Financovanie start-upov. Životný cyklus financovania start-up spoločnosti. Veľká miera neistoty. 
610 2 0 |a start-up 
610 2 0 |a podnikanie 
610 2 0 |a financovanie 
610 2 0 |a zdroje finančné 
610 2 0 |a kapitál rizikový 
610 2 0 |a manažment 
100 1 |a Havier, Jan, 1989- 
700 1 |a Vrtíková, Kristína